[Event "POL-ch U16"]
[Site "Szklarska Poreba"]
[Date "2016.03.18"]
[Round "7"]
[White "Trendowski, Michal"]
[Black "Jakubowski, Wojciech"]
[Result "1/2-1/2"]
[WhiteElo "1807"]
[BlackElo "1612"]
[PlyCount "87"]
[EventDate "2016.03.13"]
[EventType "swiss"]
[EventRounds "9"]
[EventCountry "POL"]
[SourceTitle "EXT 2018"]
[Source "ChessBase"]
[SourceDate "2017.10.13"]
[SourceVersion "1"]
[SourceVersionDate "2017.10.13"]
[SourceQuality "1"]

1. e4 e5 2. Nf3 Nc6 3. d4 exd4 4. c3 Nf6 5. e5 Nd5 6. cxd4 Bb4+ 7. Bd2 Bxd2+ 8. Nbxd2 d6 9. Bb5 0-0 10. 0-0 a6 11. Bxc6 bxc6 12. Rc1 Bd7 13. Nc4 Be6 14. b3 f6 15. Na5 c5 16. exd6 cxd6 17. dxc5 Qxa5 18. Nd4 Bf7 19. Nc6 Qc7 20. cxd6 Qxd6 21. Re1 Rfe8 22. Rxe8+ Rxe8 23. Qd3 Qf4 24. Rd1 Nb4 25. Nxb4 Qxb4 26. Qxa6 Re1+ 27. Rxe1 Qxe1+ 28. Qf1 Qxf1+ 29. Kxf1 Kf8 30. Ke2 Ke7 31. Kd3 Kd6 32. Kd4 Be6 33. f3 Bd5 34. Kc3 h5 35. a4 g5 36. b4 f5 37. Kd4 h4 38. b5 g4 39. Ke3 Ke5 40. fxg4 fxg4 41. g3 hxg3 42. hxg3 Bb3 43. a5 Kd6 44. Kf4 1/2-1/2

[Event "POL-ch U16"]
[Site "Szklarska Poreba"]
[Date "2016.03.17"]
[Round "6"]
[White "Jakubowski, Wojciech"]
[Black "Brozyna, Mateusz"]
[Result "0-1"]
[WhiteElo "1612"]
[BlackElo "1763"]
[PlyCount "102"]
[EventDate "2016.03.13"]
[EventType "swiss"]
[EventRounds "9"]
[EventCountry "POL"]
[SourceTitle "EXT 2018"]
[Source "ChessBase"]
[SourceDate "2017.10.13"]
[SourceVersion "1"]
[SourceVersionDate "2017.10.13"]
[SourceQuality "1"]

1. e4 e6 2. d4 d5 3. exd5 exd5 4. Bd3 Bd6 5. Nf3 Ne7 6. 0-0 Nbc6 7. c3 Bg4 8. Nbd2 Qd7 9. b4 Ng6 10. Nb3 0-0 11. b5 Nce7 12. Nc5 Qc8 13. Be2 b6 14. Nd3 f6 15. Nd2 Be6 16. Bb2 Qd7 17. a4 Rae8 18. Rc1 c5 19. dxc5 bxc5 20. c4 d4 21. Ne4 Qc7 22. Nxd6 Qxd6 23. Ba3 Rc8 24. f4 Nf5 25. Bg4 Ne3 26. Bxe6+ Qxe6 27. Qe2 Qd6 28. Rf2 Rfe8 29. Qf3 Nf8 30. Qb7 Rc7 31. Qa6 Qe7 32. b6 axb6 33. Qxb6 Rec8 34. Rb1 Nd7 35. Qa6 Qe4 36. Rb3 Rc6 37. Qa7 R8c7 38. Qa8+ Rc8 39. Qb7 R8c7 40. Qa8+ Kf7 41. Nxc5 Nxc5 42. Bxc5 f5 43. Qf8+ Kg6 44. Bd6 Rxc4 45. h3 Rf7 46. Qd8 h6 47. Be5 Rc1+ 48. Kh2 Rc2 49. Rxc2 Qxc2 50. Rb6+ Kh7 51. Rxh6+ Kxh6 0-1

[Event "POL-ch U16"]
[Site "Szklarska Poreba"]
[Date "2016.03.16"]
[Round "5"]
[White "Jakubowski, Wojciech"]
[Black "Dryja, Szymon"]
[Result "1-0"]
[WhiteElo "1612"]
[BlackElo "1774"]
[PlyCount "55"]
[EventDate "2016.03.13"]
[EventType "swiss"]
[EventRounds "9"]
[EventCountry "POL"]
[SourceTitle "EXT 2018"]
[Source "ChessBase"]
[SourceDate "2017.10.13"]
[SourceVersion "1"]
[SourceVersionDate "2017.10.13"]
[SourceQuality "1"]

1. e4 e5 2. Nf3 f5 3. d4 fxe4 4. Nxe5 Nf6 5. Bc4 d5 6. Bb3 c6 7. c4 Bb4+ 8. Nc3 0-0 9. 0-0 Be6 10. Bg5 Bxc3 11. bxc3 Qc7 12. f4 Qc8 13. cxd5 cxd5 14. f5 Bxf5 15. Bxf6 gxf6 16. Bxd5+ Kg7 17. Nc4 Bg4 18. Qe1 f5 19. Qh4 Rf6 20. Ne5 Qxc3 21. Nxg4 Qxd4+ 22. Kh1 Nd7 23. Nxf6 Nxf6 24. Qg5+ Kf8 25. Rad1 Qb2 26. Rxf5 Ke7 27. Qg7+ Kd6 28. Rxf6+ 1-0

[Event "POL-ch U16"]
[Site "Szklarska Poreba"]
[Date "2016.03.15"]
[Round "3"]
[White "Belczewski, Jacek"]
[Black "Jakubowski, Wojciech"]
[Result "1-0"]
[WhiteElo "1945"]
[BlackElo "1612"]
[PlyCount "63"]
[EventDate "2016.03.13"]
[EventType "swiss"]
[EventRounds "9"]
[EventCountry "POL"]
[SourceTitle "EXT 2018"]
[Source "ChessBase"]
[SourceDate "2017.10.13"]
[SourceVersion "1"]
[SourceVersionDate "2017.10.13"]
[SourceQuality "1"]

1. Nf3 Nf6 2. c4 e6 3. Nc3 d5 4. d4 c6 5. e3 Be7 6. Qc2 0-0 7. b3 Nbd7 8. Bb2 Re8 9. Bd3 b6 10. e4 dxe4 11. Nxe4 Bb7 12. 0-0-0 Qc7 13. Kb1 Nxe4 14. Bxe4 Nf6 15. Bd3 h6 16. Ne5 c5 17. dxc5 bxc5 18. Rhg1 a5 19. g4 a4 20. g5 axb3 21. axb3 hxg5 22. Rxg5 Ne4 23. Rxg7+ Kxg7 24. Bxe4 Rg8 25. Rd7 Bxe4 26. Qxe4 Qxd7 27. Nxd7+ Kh6 28. Qf4+ Bg5 29. Qxf7 Bd2 30. Qxe6+ Rg6 31. Qh3+ Kg5 32. Qg2+ 1-0